000 00473nam a2200193Ia 4500
005 20240823044712.0
008 240823s9999||||xx |||||||||||||| ||und||
020 _a978-81-315-0883-1
041 _aENGLISH
082 _A006 P9
100 _aAlan Hashimoto
245 0 _aVisual Design A Digital Approach
250 _a1st
260 _c2009
_bCengage Learning
_aNew Delhi
500 _aYES
650 _aVisual Design
_bElectronics
942 _cBK
999 _c213227
_d213227